Использование цеолитов для очистки сточных вод от ионов металлов; Инновационные технологии в машиностроении

Detaylı Bibliyografya
Parent link:Инновационные технологии в машиностроении.— 2019.— [С. 325-327]
Yazar: Новикова А. Л.
Müşterek Yazar: Национальный исследовательский Томский политехнический университет Инженерная школа неразрушающего контроля и безопасности Отделение контроля и диагностики
Diğer Yazarlar: Назаренко О. Б. Ольга Брониславовна
Özet:Заглавие с экрана
В данной статье исследуются и сравниваются существующие методы очистки сточных вод от ионов металлов (Cd(II), Cr(III), Cu(II), Ni(II), Fe(III), Mn(II), Pb(II), As(III)). Исследования показали, что модифицированные цеолиты (клиноптилолиты) высокоэффективны, селективны и могут использоваться для очистки сточных вод от мышьяка. Также цеолиты могут регенерироваться и использоваться повторно.
This article examines and compares existing methods of wastewater treatment from metal ions (Cd (II), Cr (III), Cu (II), Ni (II), Fe (III), Mn (II), Pb (II), As (III)). Studies have shown that modified zeolites (clinoptilolites) are highly effective, selective, and can be used to purify wastewater from arsenic. Zeolites can also be regenerated and reused.
Dil:Rusça
Baskı/Yayın Bilgisi: 2019
Seri Bilgileri:Экологическая и техносферная безопасность
Konular:
Online Erişim:http://earchive.tpu.ru/handle/11683/55360
Materyal Türü: MixedMaterials Elektronik Kitap Bölümü
KOHA link:https://koha.lib.tpu.ru/cgi-bin/koha/opac-detail.pl?biblionumber=629631

MARC

LEADER 00000naa2a2200000 4500
001 629631
005 20231215142631.0
035 |a (RuTPU)RU\TPU\conf\30314 
035 |a RU\TPU\conf\30313 
090 |a 629631 
100 |a 20190724d2019 k y0rusy50 ca 
101 0 |a rus 
102 |a RU 
105 |a y z 101zy 
135 |a drgn ---uucaa 
181 0 |a i  
182 0 |a b 
200 1 |a Использование цеолитов для очистки сточных вод от ионов металлов  |f А. Л. Новикова, О. Б. Назаренко 
203 |a Текст  |c электронный 
225 1 |a Экологическая и техносферная безопасность 
300 |a Заглавие с экрана 
320 |a [Библиогр.: с. 327 (11 назв.)] 
330 |a В данной статье исследуются и сравниваются существующие методы очистки сточных вод от ионов металлов (Cd(II), Cr(III), Cu(II), Ni(II), Fe(III), Mn(II), Pb(II), As(III)). Исследования показали, что модифицированные цеолиты (клиноптилолиты) высокоэффективны, селективны и могут использоваться для очистки сточных вод от мышьяка. Также цеолиты могут регенерироваться и использоваться повторно. 
330 |a This article examines and compares existing methods of wastewater treatment from metal ions (Cd (II), Cr (III), Cu (II), Ni (II), Fe (III), Mn (II), Pb (II), As (III)). Studies have shown that modified zeolites (clinoptilolites) are highly effective, selective, and can be used to purify wastewater from arsenic. Zeolites can also be regenerated and reused. 
463 0 |0 (RuTPU)RU\TPU\conf\30067  |t Инновационные технологии в машиностроении  |o сборник трудов X Международной научно-практической конференции, 23–25 мая 2019 г., Юрга  |f Национальный исследовательский Томский политехнический университет (ТПУ), Юргинский технологический институт (ЮТИ) ; под ред. Е. А. Зернина  |v [С. 325-327]  |d 2019 
610 1 |a электронный ресурс 
610 1 |a труды учёных ТПУ 
610 1 |a цеолиты 
610 1 |a сточные воды 
610 1 |a ионы металлов 
610 1 |a сорбция 
610 1 |a физико-химические методы 
610 1 |a клиноптилолит 
610 1 |a metal ions 
610 1 |a sorption 
610 1 |a physico-chemical methods of analysis 
610 1 |a zeolites 
610 1 |a wastewater 
610 1 |a modified zeolites 
610 1 |a clinoptilolite 
610 1 |a вода 
610 1 |a очистка 
700 1 |a Новикова  |b А. Л. 
701 1 |a Назаренко  |b О. Б.  |c специалист в области экологии и безопасности жизнедеятельности  |c профессор Томского политехнического университета, доктор технических наук  |f 1963-  |g Ольга Брониславовна  |3 (RuTPU)RU\TPU\pers\25620  |9 11549 
712 0 2 |a Национальный исследовательский Томский политехнический университет  |b Инженерная школа неразрушающего контроля и безопасности  |b Отделение контроля и диагностики  |3 (RuTPU)RU\TPU\col\23584 
801 2 |a RU  |b 63413507  |c 20200527  |g RCR 
856 4 |u http://earchive.tpu.ru/handle/11683/55360 
942 |c BK